00565cam a22001813a 450000100060000000300060000600500170001200800410002904000150007004200070008524501190009226000290021150600300024051600200027070000220029083000290031285600420034145763PGUSA20140828084048.0140526s2014||||xxu|||||s|||||000 | eng d aPGUSAbeng adc14aThe New England Historical and Genealogical Register, Vol. I., No. 2, April 1847h[electronic resource] /cVarious bProject Gutenberg,c2014 aPublic domain in the USA. aElectronic text1 aCogswell, William 0aProject Gutenbergv4576340uhttp://www.gutenberg.org/ebooks/45763